[Event "SVK Amateur-ch 2020"]
[Site "Topolcany"]
[Date "2020.07.13"]
[Round "7.9"]
[White "Trangos, Miroslav"]
[Black "Mesaros, Jan"]
[Result "1-0"]
[WhiteElo "1971"]
[BlackElo "1782"]
[Annotator "ChessBase"]
[PlyCount "99"]
[EventDate "2020.07.10"]
[EventType "swiss"]
[EventCountry "SVK"]
[SourceTitle "playchess.com"]
[Source "ChessBase"]
[SourceQuality "1"]
[TimeControl "3600+30"]

1. d4 {[%emt 0:00:00]} Nf6 {[%emt 0:00:00]} 2. c4 {[%emt 0:00:00]} g6 {[%emt 0:00:04]} 3. Nc3 {[%emt 0:00:00]} Bg7 {[%emt 0:00:10]} 4. e4 {[%emt 0:00:03]} d6 {[%emt 0:00:08]} 5. f4 {[%emt 0:00:04]} O-O {[%emt 0:00:30]} 6. Nf3 {[%emt 0:00:09]} c5 {[%emt 0:00:06]} 7. e5 {[%emt 0:01:54]} dxe5 {[%emt 0:00:17]} 8. dxe5 {[%emt 0:00:17]} Qxd1+ {[%emt 0:00:08]} 9. Nxd1 {[%emt 0:01:15]} Ne8 {[%emt 0:01:01]} 10. Be3 {[%emt 0:01:07]} Na6 {[%emt 0:00:52]} 11. Nc3 {[%emt 0:00:42]} Nec7 {[%emt 0:00:13]} 12. O-O-O {[%emt 0:00:42]} Be6 {[%emt 0:03:09]} 13. Be2 {[%emt 0:04:28]} Rad8 {[%emt 0:01:00]} 14. Ng5 {[%emt 0:00:52]} b6 {[%emt 0:00:16]} 15. b3 {[%emt 0:01:11]} Nb4 {[%emt 0:00:53]} 16. Rxd8 {[%emt 0:04:09]} Rxd8 {[%emt 0:00:06]} 17. Rd1 {[%emt 0:03:14]} Rxd1+ {[%emt 0:00:26]} 18. Kxd1 {[%emt 0:00:20]} Bf5 {[%emt 0:01:19]} 19. g4 {[%emt 0:02:30]} Be6 {[%emt 0:00:53]} 20. Bf3 {[%emt 0:01:52]} Kf8 {[%emt 0:00:40]} 21. Nxh7+ {[%emt 0:00:15]} Ke8 {[%emt 0:00:26]} 22. Ng5 {[%emt 0:00:36]} Bd7 {[%emt 0:00:13]} 23. a3 {[%emt 0:03:49]} Nba6 {[%emt 0:00:09]} 24. Kd2 {[%emt 0:01:31]} Nb8 {[%emt 0:02:24]} 25. h3 {[%emt 0:00:53]} Nc6 {[%emt 0:04:04]} 26. Be4 {[%emt 0:02:14]} e6 {[%emt 0:02:23]} 27. Bc2 {[%emt 0:00:40]} Ke7 {[%emt 0:05:30]} 28. h4 {[%emt 0:02:58]} Be8 {[%emt 0:00:07]} 29. Nce4 {[%emt 0:01:15]} Nd8 {[%emt 0:01:14]} 30. Nh7 {[%emt 0:03:01]} Bc6 {[%emt 0:00:34]} 31. Nef6 {[%emt 0:05:39]} Ne8 {[%emt 0:06:54]} 32. Ng8+ {[%emt 0:00:31]} Kd7 {[%emt 0:00:30]} 33. Ke2 {[%emt 0:01:28]} Nb7 {[%emt 0:01:37]} 34. Bd2 {[%emt 0:00:27]} b5 {[%emt 0:00:56]} 35. Ke3 {[%emt 0:00:10]} bxc4 {[%emt 0:00:52]} 36. bxc4 {[%emt 0:00:04]} a5 {[%emt 0:00:26]} 37. Be4 {[%emt 0:00:57]} a4 {[%emt 0:00:39]} 38. h5 {[%emt 0:01:13]} gxh5 {[%emt 0:00:39]} 39. gxh5 {[%emt 0:00:08]} Nd8 {[%emt 0:00:27]} 40. h6 {[%emt 0:00:25]} Bh8 {[%emt 0:00:13]} 41. Bc3 {[%emt 0:00:59]} Bxe4 {[%emt 0:00:49]} 42. Kxe4 {[%emt 0:00:14]} Nc6 {[%emt 0:00:14]} 43. Nf8+ {[%emt 0:02:32]} Kd8 {[%emt 0:00:29]} 44. f5 {[%emt 0:00:28]} exf5+ {[%emt 0:00:11]} 45. Kxf5 {[%emt 0:00:12]} Ne7+ {[%emt 0:00:26]} 46. Nxe7 {[%emt 0:00:09]} Kxe7 {[%emt 0:00:19]} 47. Nh7 {[%emt 0:00:54]} Nc7 {[%emt 0:00:21]} 48. Ng5 {[%emt 0:00:53]} Na6 {[%emt 0:01:48]} 49. Ba5 {[%emt 0:02:01]} f6 {[%emt 0:00:43]} 50. Bd8+ {[%emt 0:00:56]} 1-0

[Event "SVK Amateur-ch 2020"]
[Site "Topolcany"]
[Date "2020.07.13"]
[Round "7.10"]
[White "Panko, Radoslav"]
[Black "Balint, Vilmos"]
[Result "0-1"]
[WhiteElo "2025"]
[BlackElo "2140"]
[Annotator "TA"]
[PlyCount "112"]
[EventDate "2020.07.10"]
[EventType "swiss"]
[EventCountry "SVK"]
[SourceTitle "playchess.com"]
[Source "ChessBase"]
[SourceQuality "1"]

{[%evp 14,111,0,4,12,0,4,10,4,0,59,61,63,14,51,32,32,0,1,1,11,0,0,-6,0,-6,-10,-20,26,26,26,26,26,27,39,37,37,31,33,18,19,19,24,25,41,41,45,21,21,21,24,0,0,-27,-28,-23,-12,-20,0,-39,0,-6,0,0,0,0,0,0,0,0,0,0,0,-68,0,0,0,0,0,0,0,-75,79,-69,-63,-149,-71,-481,-421,-703,-416,-29995,-29996,-29996,-29997,-29997,-29998,-29998,-29999,-29999]} 1. d4 e6 2. Nf3 Nf6 3. Bg5 d5 4. e3 c5 5. Nbd2 Be7 6. c3 O-O 7. Bd3 b6 $1 {The main line 7...b6 scores better than 7...Nc6.} 8. Ne5 Nfd7 {D03: 1 d4 d5 2 Nf3 Nf6 3 Bg5, including Torre Attack with early ...d5.} 9. Nxd7 Nxd7 10. Bf4 Bb7 {[#] The position is equal.} 11. h4 $146 ({Predecessor:} 11. Nf3 Re8 12. Ne5 Nxe5 13. Bxe5 f6 14. Qh5 f5 15. g4 g6 16. Qh3 {0-1 (44) Pick,S (2082)-Batchuluun,T (2382) ICC INT 2009}) 11... Re8 (11... Rc8 $11) 12. Nf3 $1 $14 f5 13. Ne5 Nxe5 14. Bxe5 Bf6 15. Bxf6 Qxf6 16. f4 a5 17. Qh5 c4 18. Bc2 b5 19. Kd2 Bc6 20. g4 {[%cal Rg4f5]} g6 (20... Bd7 {is more complex.} 21. g5 Qe7 22. Qf3 b4 23. h5 Reb8) 21. Qh6 Qg7 22. Qxg7+ Kxg7 23. h5 b4 24. Rag1 {Hoping for gxf5.} Rf8 25. Rh4 Rab8 26. hxg6 hxg6 27. Rgh1 {Rh7+ is the strong threat.} fxg4 28. Rxg4 Be8 29. Rgh4 Kf6 30. Rh7 Bf7 31. R1h6 Rg8 32. cxb4 axb4 33. a3 c3+ {[%mdl 64] Deflection} 34. bxc3 bxa3 35. Rh1 Rb2 36. Ra1 (36. c4 $5) 36... a2 37. c4 $1 dxc4 38. Kc3 Rgb8 39. e4 Ke7 40. e5 Kf8 41. Rh8+ Bg8 42. Rhh1 Kg7 43. Rhc1 (43. Rh2 $11) 43... Bh7 (43... Bf7 $15) 44. Rg1 R8b4 45. Rh1 Bg8 46. Rhg1 Bf7 47. Rgc1 (47. Rg2 $11) 47... Be8 $2 {[#]} (47... Rb7 $17 {stays on course.}) 48. Rg1 (48. Rxa2 $1 $16 {[%mdl 512]} Rxa2 49. Kxb4) 48... Rb8 49. Rg2 {[#]} (49. Rg4 $15) 49... Kf8 ({Black should try} 49... R8b7 $1 50. Rgg1 Rb8) 50. Be4 $2 {[%mdl 8192] White does not recover from this.} (50. Rh2 $17) 50... R2b3+ $19 51. Kxc4 (51. Kd2 $142 Ra3 52. Bc2) 51... Ba4 {( -> ...Rc8+)} 52. Kc5 (52. d5 $19 R8b4+ 53. Kc5 Rxe4 54. Raxa2 Rb5+ 55. Kd6 Rxd5+ 56. Kxe6) 52... Rc3+ {Black mates.} 53. Kd6 Rb6+ 54. Bc6 Rcxc6+ 55. Kd7 Rc5+ 56. Kd8 Rb8# {Accuracy: White = 65%, Black = 74%.} 0-1

[Event "SVK Amateur-ch 2020"]
[Site "Topolcany"]
[Date "2020.07.13"]
[Round "7.10"]
[White "Tatliak, Stefan"]
[Black "Slaba, Andrea"]
[Result "0-1"]
[WhiteElo "1704"]
[BlackElo "1970"]
[Annotator "ChessBase"]
[PlyCount "80"]
[EventDate "2020.07.10"]
[EventType "swiss"]
[EventCountry "SVK"]
[SourceTitle "playchess.com"]
[Source "ChessBase"]
[SourceQuality "1"]
[TimeControl "3600+30"]

1. e4 {[%emt 0:00:00]} e6 {[%emt 0:00:00]} 2. d4 {[%emt 0:00:00]} d5 {[%emt 0:00:00]} 3. c3 {[%emt 0:00:06]} Nc6 {[%emt 0:00:00]} 4. Nd2 {[%emt 0:09:38]} e5 {[%emt 0:00:46]} 5. Ngf3 {[%emt 0:00:30]} Bg4 {[%emt 0:02:57]} 6. exd5 {[%emt 0:00:15]} Qxd5 {[%emt 0:01:13]} 7. Bc4 {[%emt 0:01:10]} Qd7 {[%emt 0:05:35]} 8. Qe2 {[%emt 0:09:43]} O-O-O {[%emt 0:02:17]} 9. Bb5 {[%emt 0:02:49]} exd4 {[%emt 0:01:42]} 10. Bxc6 {[%emt 0:00:30]} Qxc6 {[%emt 0:05:09]} 11. O-O {[%emt 0:04:40]} dxc3 {[%emt 0:00:31]} 12. bxc3 {[%emt 0:00:30]} Nf6 {[%emt 0:00:30]} 13. h3 {[%emt 0:00:30]} Bxf3 {[%emt 0:01:04]} 14. Nxf3 {[%emt 0:00:58]} Bd6 {[%emt 0:01:58]} 15. Rb1 {[%emt 0:03:56]} Rhe8 {[%emt 0:00:49]} 16. Qb2 {[%emt 0:01:30]} Be5 {[%emt 0:05:07]} 17. Nxe5 {[%emt 0:01:28]} Rxe5 {[%emt 0:00:02]} 18. Be3 {[%emt 0:02:32]} a6 {[%emt 0:01:43]} 19. Bd4 {[%emt 0:01:22]} Rg5 {[%emt 0:02:26]} 20. f3 {[%emt 0:00:48]} Rb5 {[%emt 0:02:03]} 21. Qf2 {[%emt 0:00:18]} Rxb1 {[%emt 0:02:23]} 22. Rxb1 {[%emt 0:01:17]} Kb8 {[%emt 0:01:42]} 23. Qg3 {[%emt 0:02:19]} g6 {[%emt 0:11:48]} 24. Rb6 {[%emt 0:00:51]} Nh5 {[%emt 0:01:39]} 25. Qe5 {[%emt 0:02:02]} Qd5 {[%emt 0:02:36]} 26. Qxd5 {[%emt 0:03:36]} Rxd5 {[%emt 0:00:02]} 27. Rb2 {[%emt 0:00:17]} Nf4 {[%emt 0:00:54]} 28. Kh2 {[%emt 0:00:45]} Ne6 {[%emt 0:00:07]} 29. Bf2 {[%emt 0:01:05]} Rd3 {[%emt 0:00:20]} 30. Rc2 {[%emt 0:00:29]} b6 {[%emt 0:00:30]} 31. Bg3 {[%emt 0:01:25]} Kb7 {[%emt 0:00:14]} 32. Be5 {[%emt 0:01:33]} Rd5 {[%emt 0:01:15]} 33. Re2 {[%emt 0:01:30]} b5 {[%emt 0:00:59]} 34. h4 {[%emt 0:00:38]} c5 {[%emt 0:01:14]} 35. g3 {[%emt 0:02:19]} Kc6 {[%emt 0:00:39]} 36. f4 {[%emt 0:00:05]} a5 {[%emt 0:01:17]} 37. a4 {[%emt 0:01:42]} b4 {[%emt 0:02:17]} 38. cxb4 {[%emt 0:00:18]} cxb4 {[%emt 0:00:24]} 39. Bf6 {[%emt 0:01:15]} b3 {[%emt 0:01:40]} 40. Re3 {[%emt 0:00:53]} Nc5 {[%emt 0:01:34]} 0-1

[Event "SVK Amateur-ch 2020"]
[Site "Topolcany"]
[Date "2020.07.13"]
[Round "7.11"]
[White "Terbe, Zsuzsanna"]
[Black "Blaho, Stefan"]
[Result "1-0"]
[WhiteElo "2192"]
[BlackElo "2054"]
[Annotator "TA"]
[PlyCount "85"]
[EventDate "2020.07.10"]
[EventType "swiss"]
[EventCountry "SVK"]
[SourceTitle "playchess.com"]
[Source "ChessBase"]
[SourceQuality "1"]

{[%evp 9,85,70,47,35,30,25,17,0,13,-43,-33,-31,-36,-39,-40,-55,-39,-35,-24,-29,-22,-45,0,0,14,-36,-35,-90,-91,-76,-96,-98,-89,-93,-99,-160,-67,-107,65,52,74,75,114,114,214,224,278,147,228,227,796,782,783,760,693,608,605,533,533,533,533,530,866,846,1610,1464,1578,1381,1181,770,29983,29984,29984,29985,29985,29986,29986,29987]} 1. d4 d6 2. e4 Nf6 3. Nc3 c6 4. Nf3 Bg4 5. h3 Bh5 6. a4 {B07: Pirc Defence: Miscellaneous Systems.} e6 7. Bd3 d5 8. Be3 {The position is equal.} Bb4 9. exd5 (9. e5 $11 Ne4 10. Bxe4 dxe4 11. g4) 9... cxd5 $15 10. O-O {[#]} Nc6 $146 ({Predecessor:} 10... O-O 11. Ne2 Nc6 12. g4 Bg6 13. Ng3 Bxd3 14. Qxd3 Qc7 15. c3 Bd6 16. Kg2 Na5 {0-1 (40) Madiai,F (2044)-Scalcione,M (2288) Bratto 2007}) 11. Na2 Bd6 12. c3 Rc8 13. Be2 Ne4 14. Nc1 O-O 15. Nd3 Bxf3 16. Bxf3 Qh4 17. Bxe4 dxe4 18. Nc5 {[#]} ({White should try} 18. Nc1 $15) 18... b6 $1 $17 {[%cal Rb6c5]} 19. Nb3 {[#]} f5 $1 {[%cal Rf5f4] White must now prevent ...f4.} 20. d5 Ne5 {...f4 is the strong threat.} 21. dxe6 Nd3 22. f4 (22. Nd2 $142) 22... Rf6 ({But not} 22... Bxf4 23. Bxf4 Nxf4 24. e7 $15) (22... g5 $17 {[%cal Rg5f4]} 23. Qd2 gxf4) 23. Nc1 Rxe6 $2 ({Black should play} 23... Bxf4 $17 24. Qd2 (24. Bxf4 Nxf4 25. Ne2 Nxe6 $17) 24... Bxe3+ 25. Qxe3 Nxb2) 24. Nxd3 $14 exd3 25. Qxd3 {Black is now going downhill.} Rd8 {Threatens to win with ...Rxe3!} 26. Bd4 Kh8 (26... Re4 $16 {keeps fighting.}) 27. Qxf5 $18 Rg6 28. Bf2 ({Better is} 28. Rae1 $18) 28... Qh6 (28... Qxf4 $16 {is a better defense.} 29. Qxf4 Bxf4) 29. Rad1 Rf8 $2 {[#]} (29... Rf6 30. Qg5 Qxg5 31. fxg5 Rf7) 30. Rxd6 $1 {[%cal Rf5f8]} Rxg2+ (30... Rxd6 31. Qxf8#) 31. Kxg2 {[%cal Rf5f8]} Qxd6 32. Qe5 Qg6+ 33. Qg5 Qe4+ 34. Kg1 h6 35. Qg2 Qxa4 {[#]} 36. Bd4 $1 {[%csl Gd4][%cal Rg2g7]} Rf7 {[#]} 37. Qg6 $1 Qd7 38. f5 Kg8 39. f6 Qxh3 {[#]} 40. Qxf7+ $3 {[%mdl 576] Remove Defender. White mates.} Kxf7 41. fxg7+ Qxf1+ 42. Kxf1 b5 43. b4 {Accuracy: White = 74%, Black = 47%.} 1-0

[Event "SVK Amateur-ch 2020"]
[Site "Topolcany"]
[Date "2020.07.13"]
[Round "7.11"]
[White "Matis, Tibor"]
[Black "Kostic, Ivan"]
[Result "1-0"]
[WhiteElo "1942"]
[BlackElo "1694"]
[Annotator "ChessBase"]
[PlyCount "67"]
[EventDate "2020.07.10"]
[EventType "swiss"]
[EventCountry "SVK"]
[SourceTitle "playchess.com"]
[Source "ChessBase"]
[SourceQuality "1"]
[TimeControl "3600+30"]

1. e4 {[%emt 0:00:00]} e5 {[%emt 0:00:04]} 2. Nf3 {[%emt 0:00:08]} d6 {[%emt 0:00:30]} 3. Bc4 {[%emt 0:00:21]} h6 {[%emt 0:00:19]} 4. d4 {[%emt 0:00:27]} exd4 {[%emt 0:00:12]} 5. Nxd4 {[%emt 0:00:15]} Nf6 {[%emt 0:00:37]} 6. Nc3 {[%emt 0:00:06]} g6 {[%emt 0:00:57]} 7. O-O {[%emt 0:00:16]} Bg7 {[%emt 0:00:48]} 8. f4 {[%emt 0:00:40]} O-O {[%emt 0:01:15]} 9. h3 {[%emt 0:06:59]} Kh7 {[%emt 0:01:11]} 10. Qd3 {[%emt 0:04:59]} Nbd7 {[%emt 0:02:05]} 11. Nb3 {[%emt 0:02:46]} a6 {[%emt 0:01:12]} 12. a4 {[%emt 0:00:20]} Nb6 {[%emt 0:01:33]} 13. Be3 {[%emt 0:00:26]} Nxc4 {[%emt 0:00:17]} 14. Qxc4 {[%emt 0:00:11]} Be6 {[%emt 0:02:14]} 15. Qd3 {[%emt 0:00:12]} c5 {[%emt 0:04:26]} 16. Nd2 {[%emt 0:02:28]} Qc7 {[%emt 0:02:43]} 17. Nc4 {[%emt 0:02:24]} Rad8 {[%emt 0:01:27]} 18. Rad1 {[%emt 0:02:37]} d5 {[%emt 0:03:45]} 19. exd5 {[%emt 0:00:41]} Bxd5 {[%emt 0:03:55]} 20. Qe2 {[%emt 0:02:44]} Bxc4 {[%emt 0:03:08]} 21. Qxc4 {[%emt 0:00:08]} Rxd1 {[%emt 0:00:25]} 22. Rxd1 {[%emt 0:00:24]} Rc8 {[%emt 0:03:28]} 23. b3 {[%emt 0:00:17]} Bf8 {[%emt 0:01:20]} 24. Nd5 {[%emt 0:01:07]} Nxd5 {[%emt 0:00:19]} 25. Rxd5 {[%emt 0:00:33]} a5 {[%emt 0:01:24]} 26. f5 {[%emt 0:00:44]} Qe7 {[%emt 0:04:39]} 27. Bf2 {[%emt 0:00:43]} b6 {[%emt 0:00:36]} 28. Qd3 {[%emt 0:00:45]} Rc7 {[%emt 0:02:53]} 29. Bg3 {[%emt 0:02:19]} Rc6 {[%emt 0:03:50]} 30. fxg6+ {[%emt 0:03:46]} Kg8 {[%emt 0:01:19]} 31. Rd7 {[%emt 0:00:28]} Qe6 {[%emt 0:05:59]} 32. gxf7+ {[%emt 0:00:55]} Kg7 {[%emt 0:00:42]} 33. Rd8 {[%emt 0:02:15]} Rc8 {[%emt 0:04:05]} 34. Be5+ {[%emt 0:00:53]} 1-0

[Event "SVK Amateur-ch 2020"]
[Site "Topolcany"]
[Date "2020.07.13"]
[Round "7.12"]
[White "Lecky, Juraj"]
[Black "Voros, Gellert"]
[Result "1/2-1/2"]
[WhiteElo "2083"]
[BlackElo "2182"]
[Annotator "TA"]
[PlyCount "41"]
[EventDate "2020.07.10"]
[EventType "swiss"]
[EventCountry "SVK"]
[SourceTitle "playchess.com"]
[Source "ChessBase"]
[SourceQuality "1"]

{[%evp 22,41,21,13,30,0,0,-4,35,37,37,5,12,12,8,13,12,0,25,11,14,0]} 1. e4 e5 2. Nf3 Nc6 3. Bb5 a6 4. Ba4 Nf6 5. O-O Nxe4 6. d4 b5 7. Bb3 d5 8. dxe5 Be6 9. Qe2 Bc5 10. Be3 O-O 11. Rd1 Bxe3 12. Qxe3 Na5 {C81: Open Ruy Lopez: Keres Variation (9 Qe2).} 13. Nc3 Nxc3 14. Qxc3 {[#]} Nc4 $146 ({Predecessor:} 14... c6 15. Qc5 Rb8 16. h3 Qb6 17. Qe7 Rbd8 18. c3 Rd7 19. Qh4 Nxb3 20. axb3 c5 {1-0 (41) Valderrama Quiceno,E (1862)-Hernandez Fierro,L (1970) San Andres Islas 2013}) 15. Bxc4 bxc4 16. Qa3 Bg4 17. Rd4 Bxf3 18. Qxf3 c6 19. b3 Qb6 20. Rg4 cxb3 21. Rxg7+ {Accuracy: White = 70%, Black = 72%.} 1/2-1/2

[Event "SVK Amateur-ch 2020"]
[Site "Topolcany"]
[Date "2020.07.13"]
[Round "7.12"]
[White "Durovka, Marek"]
[Black "Pirvulescu, Adrian"]
[Result "0-1"]
[WhiteElo "1593"]
[BlackElo "1909"]
[Annotator "TA"]
[PlyCount "92"]
[EventDate "2020.07.10"]
[EventType "swiss"]
[EventCountry "SVK"]
[SourceTitle "playchess.com"]
[Source "ChessBase"]
[SourceQuality "1"]

{[%evp 21,92,36,39,41,54,-50,-56,-67,-68,-77,-66,-85,-72,-107,-101,-128,-130,-126,-126,-150,-134,-150,-150,-168,-156,-162,-161,-187,-151,-196,-196,-196,-196,-197,-197,-202,-198,-204,-211,-207,-194,-201,-195,-206,-165,-226,-233,-233,-233,-248,-246,-237,-224,-287,-281,-322,-320,-340,-340,-340,-338,-335,-283,-292,-273,-322,-336,-328,-328,-650,-365,-857,-854]} 1. d4 Nf6 2. Nf3 e6 3. e3 c5 4. c3 Nc6 5. Bd3 d5 6. Nbd2 Be7 7. O-O O-O 8. dxc5 Bxc5 9. e4 Qc7 10. Qe2 a6 11. e5 Ng4 {[%cal Rg4e5]} 12. Nb3 {D05: Colle System with ...e6.} Ba7 {[%cal Rg4e5]} 13. Bf4 (13. Bxh7+ $1 $14 Kxh7 14. Ng5+ Kg8 15. Qxg4 Qxe5 16. Qh3) 13... f6 $15 {[#]} 14. Rae1 $146 {Black is slightly better.} ({Predecessor:} 14. Nbd4 Ncxe5 15. h3 Nxf3+ 16. Qxf3 Ne5 17. Qh5 g6 18. Qe2 Bd7 19. Kh1 Rae8 20. Nf3 Bb8 21. Rae1 {0-1 (50) Popovic,D (2500)-Kiriakov,P (2555) playchess.com INT 2006}) 14... Bb8 15. Bg3 Ngxe5 16. Nxe5 Nxe5 17. Qh5 g6 18. Qh6 Qg7 19. Qxg7+ Kxg7 20. Bxe5 Bxe5 21. Nc5 {intending f4.} Kf7 22. Bc2 Bd6 23. Nd3 Bd7 24. f4 Rac8 25. Bb3 Bb5 26. Rf3 Bxd3 27. Rxd3 Bxf4 28. g3 Bb8 29. Rf3 f5 30. Kg2 Rcd8 31. Rfe3 Rd6 32. Kf3 g5 33. Bc2 (33. g4 $142) 33... g4+ $19 34. Kg2 Kf6 35. h3 gxh3+ 36. Kxh3 Rg8 37. Kg2 Rb6 {[#] Strongly threatening ...f4.} 38. b4 Rc6 {...Bxg3! is the strong threat.} 39. Ba4 b5 40. Bb3 Bf4 41. Rd3 Bc7 42. Rh1 Rg7 43. Bd1 Be5 44. Rh6+ Ke7 45. Re3 $2 (45. a4) 45... Bxc3 {[#] And now ...Bd2 would win.} 46. Bb3 $2 (46. Rh5) 46... Bd2 {[%mdl 64] Skewer. White did not feel at home in the position after the opening. Accuracy: White = 54%, Black = 83%.} 0-1

[Event "SVK Amateur-ch 2020"]
[Site "Topolcany"]
[Date "2020.07.13"]
[Round "7.13"]
[White "Viczencz, Peter"]
[Black "Szitas, Gabor"]
[Result "1/2-1/2"]
[WhiteElo "2153"]
[BlackElo "2082"]
[Annotator "TA"]
[PlyCount "100"]
[EventDate "2020.07.10"]
[EventType "swiss"]
[EventCountry "SVK"]
[SourceTitle "playchess.com"]
[Source "ChessBase"]
[SourceQuality "1"]

{[%evp 9,100,14,12,10,14,-19,21,22,33,-9,-7,-18,-17,-29,-16,-19,1,-28,-6,-33,-35,-62,-68,-75,-28,-31,-29,-33,-23,-23,-25,-41,-44,-48,-40,-49,-21,-43,-35,-120,0,0,0,0,0,0,0,-16,-15,-228,-164,-286,-159,-177,0,-438,-436,-414,-404,-410,-306,-325,-324,-315,-311,-347,-359,-366,-366,-432,-416,-477,-395,-725,-729,-728,-708,-867,-864,-1733,-887,-1210,-1177,-2083,-2223,-2086,-2071,-29976,-29975,-4809,-657,-637,-573]} 1. e4 e5 2. Nf3 Nc6 3. Bc4 Bc5 4. O-O d6 5. h3 Nf6 6. Re1 {C50: Hungarian Defence and Giuoco Pianissimo.} O-O 7. c3 Bb6 (7... Nxe4 $5 8. d4 exd4 9. cxd4 (9. Rxe4 d5 $17 {[%mdl 64] Double Attack}) 9... Nxf2 10. Kxf2 Nxd4 $11) 8. d3 {The position is equal.} h6 9. Be3 Bxe3 {[#]} 10. fxe3 $146 ({Predecessor:} 10. Rxe3 Re8 11. d4 exd4 12. cxd4 Nxe4 13. Bd5 Nf6 14. Rxe8+ Qxe8 15. Bc4 Bf5 16. Nc3 {0-1 (51) Lopez Mahecha,N (1361)-Ramos Rocha,N (1199) Tolima 2020}) 10... Na5 $36 {[%mdl 2048] Black is pushing.} 11. Bb3 Nxb3 12. axb3 b6 13. Nbd2 Bb7 14. Qc2 a5 15. d4 Qe7 16. d5 Nh7 17. b4 axb4 18. cxb4 Rxa1 19. Rxa1 Ra8 20. Rxa8+ Bxa8 21. Qa4 Qd8 22. Nb1 f5 23. exf5 Bxd5 24. Nc3 {[#]} ({Better is} 24. Nbd2 $15) 24... Bb7 (24... Bxf3 $1 $17 25. Qa2+ Kh8 26. gxf3 Qg5+ {[%mdl 64] Double Attack} 27. Kf2 Nf6) 25. e4 $11 Nf6 26. b5 Kh7 27. Qc4 Qd7 28. Qd3 Qf7 {Black wants to play ...Qb3.} 29. g4 $2 (29. Nd2 $11 {and White stays safe.}) 29... Qb3 $19 30. g5 {[#]} (30. Nd2 {was called for.} Qxb2 31. Kf1) 30... Nxe4 (30... Bxe4 $1 $19 {[%mdl 512]} 31. Qe3 (31. Nxe4 Qxd3) 31... Bxf3 32. gxf6 Bb7 33. fxg7 Qf7) 31. f6 $17 {Nd2 is the strong threat.} gxf6 $2 (31... Kh8 $19 32. Nxe5 (32. f7 $2 Qxf7 33. Nxe4 Qg6 $17) 32... gxf6 33. Nxe4 Qxd3 34. Nxd3 Bxe4) 32. gxf6 $2 {[%mdl 8192]} (32. Nd2 $11 {and White has nothing to worry.} Qxb2 33. Ncxe4) 32... Qg8+ $19 33. Kf1 Qg6 {Hoping for ...Ng3+.} 34. Qc4 Nxf6 35. Qxc7+ Qg7 36. Qxg7+ Kxg7 {[%mdl 4096] Endgame KBN-KNN} 37. Nd2 d5 38. Na4 Nd7 39. Ke2 Kf6 40. Ke3 Ke6 41. b4 $2 (41. Kd3) 41... d4+ 42. Kd3 Bg2 43. h4 Kd5 44. Ke2 e4 45. Nb2 Bh3 46. Ndc4 Bg4+ 47. Kd2 Bf3 48. Ke1 e3 49. Kf1 Be4 (49... Ne5 $142 50. Nxb6+ Ke4) 50. Ke2 Bc2 {[%mdl 32768] Accuracy: White = 39%, Black = 74%. . An unexpected result.} 1/2-1/2